000 00589cam a22002051 4500
001 286133
005 20180216040531.0
008 700820s1968 paua b 000 0 eng
010 _a 68011638
040 _aDLC
_cDLC
_dDLC
041 _aeng
080 _a616.0757 isa
082 0 0 _a616.0757 isa
100 1 _a6
101 _aana
245 1 0 _aRadiographic positioning and related anatomy
_c[by] Isadore Meschan with the assistance of R. M. F. Farrer-Meschan.
504 _aBibliography: p. 367-368.
906 _a7
_bcbc
_corignew
_du
_encip
_f19
_gy-gencatlg
942 _2ddc
_cBK
999 _c42755
_d42755